000 00323nam a2200133Ia 4500
005 20260328104319.0
008 260328s9999||||xx |||||||||||||| ||und||
100 _aGresleri, Giuliano
245 0 _aJosef Hoffmann /
_cGiuliano Gresleri
260 _bGustavo Gili
300 _a207 p.
650 _aARQUITECTOS
942 _cBK
999 _c11297
_d11297